00775nam a2200229Ia 4500001000700000003000500007008004100012010001100053020001800064040000900082082002100091100002200112245008500134260003000219300004100249500010800290503003500398650001700433700002900450700003600479700003000515Z_4008CHAP220113s1995 xx 000 0 und d a167068 a84-282-0924-3 cCHAP a574.192 L44 1995 aLehninger, Albert aPrincipios de bioquímica /cAlbert Lehninger, David L. Nelson y Michel M. Cox aEspaña :bOmega,c1995 axxxix,1117 p. (paginación variada) aTitulo original: Principles of biochemistry 2th ed. de 1993, primera reimpresión en español de 1995 aej.1: fotocopia \ ej.2: 215572 aBioquímica a Cox, Michel M., coaut.  a Cuchillo Foix, Claudia M., tr. aNelson, David L., coaut.